| 000 | 00891nam a2200289 a 4500 | ||
|---|---|---|---|
| 001 | 75997 | ||
| 003 | BD-RjUL | ||
| 005 | 20211209082756.0 | ||
| 008 | 191001s1968 enkak b 000 0 eng | ||
| 020 | _a0273405063 | ||
| 035 | _a(BD-RjUL)76216 | ||
| 040 |
_aDLC _cDLC _dDLC _dBD-RjUL _beng |
||
| 041 | _aeng | ||
| 082 | 0 | 0 |
_223 _a658.72 _bBAP 1968 |
| 100 | 1 |
_aBaily, Peter _9233351 |
|
| 245 | 1 | 0 |
_aPurchasing principles and techniques / _cPeter Baily and David Farmer. |
| 260 |
_aLondon: _bPitman for the Institute of Purchasing and Supply, _c1968. |
||
| 300 |
_axi, 321 p.: _billus.; _c23 cm. |
||
| 350 | _a42/- | ||
| 504 | _aBibliography: p. 317. | ||
| 650 | 0 |
_aIndustrial procurement. _9233352 |
|
| 650 | 0 |
_aPurchasing. _9233353 |
|
| 700 | 1 |
_aFarmer, David, jt. auth. _9250253 |
|
| 710 | 2 |
_aInstitute of Purchasing and Supply. _9233355 |
|
| 942 |
_2ddc _cBK |
||
| 999 |
_c75997 _d75997 |
||